| 000 | 00000nam##2200000za#4500 |
| 001 | 9.641049 |
| 003 | CaOODSP |
| 005 | 20250506145323 |
| 007 | cr ||||||||||| |
| 008 | 150407|1991||||xxc|||||o f|0| 0 fre|d |
| 040 | |aCaOODSP|bfre |
| 043 | |an-cn--- |
| 086 | 1 |aA53-1862/1991F-PDF |
| 110 | 1 |aCanada.|bAgriculture Canada. |
| 245 | 10|aPâturages irrigués dans l'Ouest canadien / |h[ressource électronique]|c[par] D. B. Wilson et L. M. Rode. |
| 260 | |aOttawa - Ontario : |bAgriculture Canada |c1974, révision 1991. |
| 300 | |a32p.|bgraphiques, tableaux, photographies |
| 500 | |aPublication historique numérisée par Agriculture et Agroalimentaire Canada. |
| 590 | |a12-43-Supp|b2012-12-07 |
| 691 | 07|aCultures fourragères|2gcpds |
| 691 | 07|aIrrigation|2gcpds |
| 775 | 08|tIrrigated pastures in western Canada / |w(CaOODSP)9.696975 |
| 776 | 0#|tPâturages irrigués dans l'Ouest canadien / |w(CaOODSP)9.678739 |
| 856 | 40|ahttp://publications.gc.ca|qPDF|s2.52 Mo|uhttps://publications.gc.ca/collections/collection_2012/agr/A53-1862-1991-fra.pdf |
| 986 | |a1862/F |